الحسين مالك المملكة الاردنية الهاشمية مهنتى كملك : (Record no. 28799)
[ view plain ]
| 000 -الفاتح | |
|---|---|
| حقل البيانات ثابتة الطول | 00871nam a2200229Ia 4500 |
| 005 - وقت وتاريخ اخر تعامل مع التسجيلة | |
| رقم الضبط | 20240530101929.0 |
| 008 - عناصر البيانات ثابتة الطول - معلومات عامة | |
| حقل البيانات ثابتة الطول | 140319s9999 ua 000 0 ara d |
| 040 ## - مصدر الفهرسة | |
| وكالة الفهرسة الأصلية | GCL / |
| وكالة النسخ | GCL |
| 082 04 - رقم تصنيف ديوى العشرى | |
| رقم التصنيف | 923.1 |
| رقم المادة | ف ح |
| 100 1# - المدخل الرئيسى - إسم شخصى | |
| الإسم الشخصى | فريدون |
| 245 10 - بيان العنوان | |
| العنوان | الحسين مالك المملكة الاردنية الهاشمية مهنتى كملك : |
| بقية العنوان | احاديث ملكية / |
| بيان المسئوليه,etc | نشرها بالفرنسية فريدون ؛ ترجمة غازى غزيل ؛ مراجعة محمد عزت نصرالله |
| 260 ## - PUBLICATION, DISTRIBUTION, ETC. (IMPRINT) | |
| تاريخ النشر أو التوزيع | 1987 |
| 300 ## - الوصف المادى | |
| التعداد | 253 ص. ؛ |
| أبعاد الوعاء | 24 سم. |
| 630 0# - المدخل الاضافى بالموضوع - عنوان موحد | |
| عنوان موحد | الملك الحسين |
| 650 04 - المدخل الاضافى بالموضوع-مصطلح موضوعى | |
| مصطلح موضوعي | تاريخ |
| 650 04 - المدخل الاضافى بالموضوع-مصطلح موضوعى | |
| مصطلح موضوعي | الاردن |
| 650 04 - المدخل الاضافى بالموضوع-مصطلح موضوعى | |
| مصطلح موضوعي | الملوك |
| 700 0# - المدخل الاضافى - اسم شخصى | |
| الإسم الشخصى | محمد عزت نصرالله |
| الدور | مراجع |
| 700 1# - المدخل الاضافى - اسم شخصى | |
| الإسم الشخصى | غازى غزيل |
| الدور | مترجم |
| 942 ## - عناصر المدخل الإضافي( كوها) | |
| مصدر التصنيف او مخطط الترفيف | Dewey Decimal Classification |
| Koha [default] item type | كتاب |
| 260 ## - PUBLICATION, DISTRIBUTION, ETC. (IMPRINT) | |
| -- | القاهرة: |
| -- | مؤسسة مصرى للتوزيع ، |
| حالة التراجع | حالة الفقد | حالة تلف | ليس للاعارة | المكان المؤقت | الموقع الحالى | تاريخ الاكتساب | اجمالي اﻻعارات | رقم الطلب | الباركود | تاريخ اخر مشاهدة | تاريخ تفعيل السعر | نوع وعاء كوها |
|---|---|---|---|---|---|---|---|---|---|---|---|---|
| مكتبة القاهرة الكبرى | مكتبة القاهرة الكبرى | 03/26/2014 | 923.1\ف ح | 65701 | 03/26/2014 | 03/26/2014 | كتاب | |||||
| مكتبة القاهرة الكبرى | مكتبة القاهرة الكبرى | 03/26/2014 | 923.1\ف ح | 65702 | 03/26/2014 | 03/26/2014 | كتاب | |||||
| مكتبة القاهرة الكبرى | مكتبة القاهرة الكبرى | 03/26/2014 | 923.1\ف ح | 65703 | 03/26/2014 | 03/26/2014 | كتاب |

